| 000 | 01170cab a2200217 4500 | ||
|---|---|---|---|
| 001 | L136874 | ||
| 008 | 070228n2007 000 0 eng u | ||
| 035 | _a(Sirsi) u136874 | ||
| 041 | 0 | _aeng | |
| 100 | 1 | _aWhitehead, Christine M. E. | |
| 245 | 0 | 0 |
_aPlanning policies and affordable housing _bEngland as a successful case study? |
| 260 | _c2007 | ||
| 490 | 0 | 0 |
_aHousing Studies _v22(1) January 2007, 25-44(20) |
| 520 | _aLooks at England's system of producing new affordable housing with the help of the land-use planning scheme. Addresses both the conceptual basis for this approach and the English experience by first setting out the rationale and principles behind a link between land-use planning and the provision of affordable housing. Examines how the mechanisms that have evolved in England relate to these principles. Draws lessons about the necessary conditions for success and the extent to which English experience is relevant. | ||
| 590 | _aKA | ||
| 650 | 2 | 4 |
_aAffordable housing _96215 |
| 651 | 4 |
_aEngland _y886- |
|
| 690 |
_aPlanning and development _96259 |
||
| 690 | _aPROPERTY-RESIDENTIAL PROPERTY-RESIDENTIAL PROPERTY DEVELOPMENT | ||
| 942 | _n0 | ||
| 999 |
_c78477 _d78477 |
||